Cost of clothing for moderate-income families, 1935-44 ... (Record no. 36470)

MARC details
000 -LEADER
fixed length control field 01331cam a22003011 4500
001 - CONTROL NUMBER
control field l 44000191
003 - CONTROL NUMBER IDENTIFIER
control field DLC
005 - DATE AND TIME OF LATEST TRANSACTION
control field 20260227111539.0
008 - FIXED-LENGTH DATA ELEMENTS--GENERAL INFORMATION
fixed length control field 910913r19441944dcua f000 0 eng c
010 ## - LIBRARY OF CONGRESS CONTROL NUMBER
LC control number l 44000191
035 ## - SYSTEM CONTROL NUMBER
System control number (OCoLC)24369509
040 ## - CATALOGING SOURCE
Original cataloging agency U.S. Dept. of Labor. Library
Transcribing agency CLU
Modifying agency CLU
-- OCoLC
-- DLC
042 ## - AUTHENTICATION CODE
Authentication code premarc
050 00 - LIBRARY OF CONGRESS CALL NUMBER
Classification number HD8051
Item number .A62 no. 789
082 ## - DEWEY DECIMAL CLASSIFICATION NUMBER
Classification number 331.836
100 1# - MAIN ENTRY--PERSONAL NAME
Personal name Schell, Emil Daniel.
245 10 - TITLE STATEMENT
Title Cost of clothing for moderate-income families, 1935-44 ...
260 ## - PUBLICATION, DISTRIBUTION, ETC.
Place of publication, distribution, etc. Washington, D.C.,
Name of publisher, distributor, etc. U.S. Govt. Print. Off.
Date of publication, distribution, etc. [1944]
300 ## - PHYSICAL DESCRIPTION
Extent 1 p. l., 30 p. incl. tables, diagrs.
Dimensions 23 cm.
490 1# - SERIES STATEMENT
Series statement United States. Bureau of Labor Statistics. Bulletin,
Volume/sequential designation no. 789
500 ## - GENERAL NOTE
General note At head of title: United States Dept. of Labor, France Perkins, secretary. Bureau of labor statistics, Isador Lubin, commissioner (on leave) A.F. Hinrichs, acting commissioner.
500 ## - GENERAL NOTE
General note "Prepared by Emil D. Schell and Laura Mae Webb."--Letter of transmittal.
500 ## - GENERAL NOTE
General note "Reprinted from the Monthly labor review, July 1944, with additional data."
650 #0 - SUBJECT ADDED ENTRY--TOPICAL TERM
Topical term or geographic name entry element Clothing trade
Geographic subdivision United States.
650 #0 - SUBJECT ADDED ENTRY--TOPICAL TERM
Topical term or geographic name entry element Cost and standard of living
Geographic subdivision United States.
700 1# - ADDED ENTRY--PERSONAL NAME
Personal name Webb, Laura Mae Brown,
Dates associated with a name 1910-
Relator term joint author.
830 #0 - SERIES ADDED ENTRY--UNIFORM TITLE
Uniform title Bulletin of the United States Bureau of Labor Statistics ;
Volume/sequential designation 789.

No items available.

Powered by Koha